000 00581 a2200181 4500
999 _c4853
_d4853
010 _aENG-86630
020 _c140.00
035 _aEN-70163
037 _bDBAD / PUB
082 1 4 _a651.7
100 1 _aRai, Urmila
245 1 _aBusiness communication /
_cby Urmila Rai [and] S. M. Rai
260 _aMumbai
_bHimalaya Publishing House
_c2006
270 _a" Pooja Apartment" Dr. Bhalerai Marg, Girgaon
_bMumbai
_e400 004
_k022- 23860170
_mhimpub@vsnl.com
_l022-23877178
300 _a306 p
_c24 cm (Pbk)
700 1 _aRai, S. M.
942 _adpl
_cEN
_2ddc
_h651.7
_mRAI